000
00269nam a2200097Ia 4500
001
989681
005
20250826221201.0
008
250824s9999 xx 000 0 und d
245
0
_a
KRAL ŞAKİR/ANLATSAM FİLM OLUR/T1
_c
HALUK CAN DİZDAROĞLU
260
_b
İKİ A YAYINCILIK
999
_c
989681
_d
989681